000 00845nam a22002291i 4500
001 16838
003 ES-MaACL
005 20230906151415.0
007 t|
008 001113s1978 sp r ||||0| spa
020 _a84-7231-427-8
080 _a7.025.3/.4
080 _a72.025.3/.4
110 2 _aConfederación Española de Cajas de Ahorros.
_bObra Social.
_93150
245 1 0 _aAl rescate del pasado :
_b[obra de restauraciones artísticas de las Cajas de Ahorros Confederadas] /
_cObra Social de las Cajas de Ahorros Confederadas.
260 _aMadrid :
_bConfederación Española de Cajas de Ahorros,
_c[1978]
300 _a221 p :
_bil. col. y n. ;
_c28 cm.
500 _aÍndice.
650 4 _aObras de arte-
_xRestauración-
_zEspaña.
_9171254
650 4 _aMonumentos-
_xRestauración-
_zEspaña.
_9171258
852 _aES-MaACL
_jG-4090
999 _c16838
_d16838